000 00905nam a2200253 a 4500
001 43916
003 BD-RjUL
005 20211209053754.0
008 160629m19481944enk 001 0 eng d
035 _a(BD-RjUL)44034
040 _aDMM
_cDMM
_dOCL
_dOHI
_dZCU
_dBD-RjUL
_beng
041 _aeng
082 _223
_a370.942
_bDEE 1948
100 1 0 _aDent, H. C.
_q(Harold Collett),
_d1894-1995.
_9134926
245 1 0 _aEducation in transition :
_ba sociological study of the impact of war on English education, 1939-1944 /
_cby H. C. Dent
250 _a5th ed.
260 _aLondon :
_bRoutledge & Kegan paul,
_c1948
300 _axii, 244 p. ;
_c23 cm.
490 1 _aInternational library of sociology and social reconstruction
500 _aInclude index
650 0 _aEducation
_zGreat Britain.
_9134927
830 0 _aInternational library of sociology and social reconstruction.
_9134983
942 _2ddc
_cBK
999 _c43916
_d43916